| 000 | 00603nam a2200229Ia 4500 | ||
|---|---|---|---|
| 003 | OSt | ||
| 005 | 20230607131430.0 | ||
| 008 | 210423s2012 xx 000 0 und d | ||
| 020 | _a9788132110293 | ||
| 040 | _cAL | ||
| 041 | _aeng | ||
| 082 | _a001.42 SWAC | ||
| 100 |
_aSWANBORN (Peter G) _9121426 |
||
| 245 | _aCase study research: what why and how | ||
| 260 |
_aNew Delhi _bSage Publications _c2012 |
||
| 300 |
_aix,178 _bPB |
||
| 365 |
_b350 _cINR |
||
| 650 |
_aGeneral _9121427 |
||
| 650 |
_aResearch _9121428 |
||
| 906 | _aCase ; how?. ; research: ; study ; what ; why | ||
| 942 |
_2ddc _cBK |
||
| 999 |
_c176152 _d176152 |
||